| 000 | 00609nam a2200253Ia 4500 | ||
|---|---|---|---|
| 008 | 210210b2005 xxu||||| |||| 00| 0 eng d | ||
| 020 | _a1859962920 | ||
| 041 | _aeng | ||
| 082 | _a510.2457 MACI | ||
| 100 | _aMACKENZIE (Aulay) | ||
| 245 | _aInstant notes mathematics and statistics for life scientists | ||
| 260 |
_aNew York _bTaylor & Francis _c2005 |
||
| 300 | _avi,175 | ||
| 650 | _astatistics | ||
| 650 | _ascientists | ||
| 650 | _anotes | ||
| 650 | _amathematics | ||
| 650 | _alife | ||
| 650 | _aInstant | ||
| 650 | _afor | ||
| 650 | _aand | ||
| 690 | _aMathematics | ||
| 906 | _a064837 | ||
| 999 |
_c142020 _d142020 |
||